Score 0/24 Timer 07:00
1 Play Today
% Correct
The Big Bang Theory
96.9%
Lassie
91.5%
Everybody Loves Raymond
90.5%
I Love Lucy
90.3%
Survivor
88.9%
All in the Family
88.2%
CSI: Crime Scene Investigation
86.5%
The King of Queens
84.2%
NCIS
83.2%
JAG
79%
The Mary Tyler Moore Show
74.7%
The Waltons
74.3%
% Correct
The Twilight Zone
70.8%
How I Met Your Mother
69.7%
Undercover Boss
63.5%
Ghost Whisperer
50.8%
One Day at a Time
45.9%
Diagnosis: Murder
43.1%
Person of Interest
43%
Rules of Engagement
39%
Vegas
31.2%
Yes, Dear
29.1%
Falcon Crest
28.5%
Zoo
24.2%
Remove Ads.
Support Sporcle.
Get the best of Sporcle when you Go Orange. This ad-free experience offers more features, more stats, and more fun while also helping to support Sporcle. Thank you for becoming a member.

You're not logged in!

Compare scores with friends on all Sporcle quizzes.
OR
Log In

Show Comments

Extras

Top Quizzes Today


Score Distribution

Your Account Isn't Verified!

In order to create a playlist on Sporcle, you need to verify the email address you used during registration. Go to your Sporcle Settings to finish the process.

Report this User

Report this user for behavior that violates our Community Guidelines.

Details: